000 00301nam a22001337a 4500
008 170913b xxu||||| |||| 00| 0 eng d
020 _a9780321516954
041 _aeng
080 _24TH
_a53
100 _a43
101 _aFIZ
245 _aCONCEPTUAL PHYSICAL SCIENCE
_cHEWITT,P.G
942 _2udc
_cBK
999 _c27417
_d27417